[Event "IECG CM.2002.0.00203 email"]
[Site "IECG email"]
[Date "2002.12.05"]
[Round "?"]
[White "Massimini Gerbino, Massimiliano"]
[Black "Tanski, Igor"]
[Result "1-0"]
[WhiteElo "2205"]
[BlackElo "2350"]
[PlyCount "81"]
[EventDate "2002.12.05"]
[EventType "tourn (corr)"]
[EventRounds "6"]
[SourceTitle "Corr 2008"]
[Source "ChessBase"]
[SourceDate "2008.06.24"]
[SourceVersion "1"]
[SourceVersionDate "2008.06.24"]
[SourceQuality "1"]

1. d4 d5 2. c4 e6 3. Nc3 c5 4. cxd5 exd5 5. Nf3 Nc6 6. g3 cxd4 7. Nxd4 Bc5 8. Be3 Bb6 9. Bg2 Nf6 10. 0-0 0-0 11. Rc1 Re8 12. h3 Bd7 13. Qd2 Re5 14. Nxc6 bxc6 15. Bd4 Re8 16. Rfd1 Bxd4 17. Qxd4 Bf5 18. b4 a6 19. a3 h5 20. Qf4 Qd7 21. Kh2 Qe6 22. e3 Rac8 23. Ne2 Qd7 24. Nd4 Bg6 25. Rc5 Ne4 26. Bxe4 Rxe4 27. Qf3 h4 28. Rdc1 hxg3+ 29. Qxg3 Ree8 30. Nxc6 Bf5 31. Nd4 Bd3 32. Qf4 Rxc5 33. Rxc5 Rc8 34. Qe5 Be4 35. Kg3 Re8 36. Qc7 Qxc7+ 37. Rxc7 Bd3 38. a4 Bc4 39. Rb7 Ra8 40. Kf4 Bd3 41. Ke5 1-0

[Event "IECG CM.2002.0.00203 email"]
[Site "IECG email"]
[Date "2002.12.05"]
[Round "?"]
[White "Szalai, Mihaly"]
[Black "Tanski, Igor"]
[Result "1/2-1/2"]
[WhiteElo "2319"]
[BlackElo "2350"]
[PlyCount "103"]
[EventDate "2002.12.05"]
[EventType "tourn (corr)"]
[EventRounds "6"]
[SourceTitle "Corr 2008"]
[Source "ChessBase"]
[SourceDate "2008.06.24"]
[SourceVersion "1"]
[SourceVersionDate "2008.06.24"]
[SourceQuality "1"]

1. e4 e6 2. d4 d5 3. Nd2 c5 4. exd5 exd5 5. Ngf3 Nc6 6. Bb5 Bd6 7. dxc5 Bxc5 8. 0-0 Nge7 9. Nb3 Bd6 10. Re1 0-0 11. Bg5 Bg4 12. Bh4 Re8 13. Bg3 Bxg3 14. hxg3 Qb6 15. a4 Rad8 16. Qd2 Bxf3 17. gxf3 h6 18. Bd3 Qc7 19. f4 Qd6 20. Rad1 Qf6 21. c3 h5 22. Qe2 g6 23. Qf3 Kg7 24. Kg2 h4 25. Rh1 hxg3 26. fxg3 Nf5 27. Bxf5 Qxf5 28. Rd2 b6 29. Rhd1 Re4 30. Nd4 Nxd4 31. Rxd4 Rh8 32. g4 Qe6 33. f5 Qe5 34. fxg6 Kxg6 35. Qf5+ Qxf5 36. gxf5+ Kxf5 37. Rxd5+ Kg6 38. R5d4 Rhh4 39. Rxe4 Rxe4 40. b4 Re2+ 41. Kf1 Ra2 42. a5 bxa5 43. Rd6+ Kf5 44. Ra6 a4 45. Rxa7 Ke4 46. b5 f5 47. b6 Kf3 48. Ke1 Ke3 49. Re7+ Kd3 50. Rd7+ Kxc3 51. Ra7 Kd3 52. Ra8 1/2-1/2

[Event "IECG CM.2002.0.00175 email"]
[Site "IECG email"]
[Date "2002.04.03"]
[Round "?"]
[White "Danzanvilliers, Patrice"]
[Black "Tanski, Igor"]
[Result "1/2-1/2"]
[WhiteElo "2319"]
[BlackElo "2350"]
[PlyCount "51"]
[EventDate "2002.04.03"]
[EventType "tourn (corr)"]
[EventRounds "6"]
[SourceTitle "Corr 2008"]
[Source "ChessBase"]
[SourceDate "2008.06.24"]
[SourceVersion "1"]
[SourceVersionDate "2008.06.24"]
[SourceQuality "1"]

1. e4 c6 2. d4 d5 3. Nc3 dxe4 4. Nxe4 Nf6 5. Nxf6+ gxf6 6. c3 Bf5 7. Ne2 h5 8. Ng3 Bg4 9. Qb3 h4 10. Bc4 hxg3 11. Bxf7+ Kd7 12. Qxb7+ Qc7 13. Qxa8 Rxh2 14. Rg1 gxf2+ 15. Kxf2 e6 16. Be3 Bh6 17. Bxh6 Rxh6 18. g3 Qb6 19. b3 Qb5 20. Rge1 Qf5+ 21. Kg1 Rh1+ 22. Kxh1 Qf3+ 23. Kg1 Qxg3+ 24. Kf1 Qf3+ 25. Kg1 Qg3+ 26. Kf1 1/2-1/2

[Event "IECG CM.2002.0.00175 email"]
[Site "IECG email"]
[Date "2002.04.03"]
[Round "?"]
[White "Tanski, Igor"]
[Black "Novikhin, Sergey"]
[Result "1-0"]
[WhiteElo "2350"]
[BlackElo "2355"]
[PlyCount "29"]
[EventDate "2002.04.03"]
[EventType "tourn (corr)"]
[EventRounds "6"]
[SourceTitle "Corr 2008"]
[Source "ChessBase"]
[SourceDate "2008.06.24"]
[SourceVersion "1"]
[SourceVersionDate "2008.06.24"]
[SourceQuality "1"]

1. d4 Nf6 2. c4 e6 3. Nc3 Bb4 4. e3 c5 5. Nf3 0-0 6. Bd3 d5 7. 0-0 Nc6 8. a3 Bxc3 9. bxc3 Qc7 10. cxd5 exd5 11. Nh4 Qa5 12. Bd2 Ne4 13. Be1 c4 14. Bc2 Qd8 15. g3 1-0